Central Library and Information Centre
Sibsagar Girls' College, Sivasagar : Assam

HISTORY OF INDIAN EDUCATION (Record no. 9185)

MARC details
000 -LEADER
fixed length control field 00421cam a2200181ua 4500
008 - FIXED-LENGTH DATA ELEMENTS--GENERAL INFORMATION
fixed length control field 160227n II |||gr||||Z||||||eng
040 ## - CATALOGING SOURCE
Original cataloging agency MAIN
041 ## - LANGUAGE CODE
-- English
082 ## - DEWEY DECIMAL CLASSIFICATION NUMBER
Classification number 370.54 RAI
100 ## - MAIN ENTRY--PERSONAL NAME
Personal name RAI , B.C .
245 ## - TITLE STATEMENT
Title HISTORY OF INDIAN EDUCATION
260 ## - PUBLICATION, DISTRIBUTION, ETC.
Place of publication, distribution, etc. [s.l:
Name of publisher, distributor, etc. s.n.]
Date of publication, distribution, etc. 1992.
300 ## - PHYSICAL DESCRIPTION
Extent 176.:
Dimensions 20CM.
700 ## - ADDED ENTRY--PERSONAL NAME
Personal name RAI , B.C .,
Relator term Author.
942 ## - ADDED ENTRY ELEMENTS (KOHA)
Koha item type Books
653 ## - INDEX TERM--UNCONTROLLED
Uncontrolled term Indian Education
Holdings
Withdrawn status Lost status Damaged status Not for loan Collection code Home library Current library Shelving location Date acquired Full call number Barcode Date last seen Copy number Price effective from Koha item type
        TBEDU Central Library and Information Centre Sibsagar Girls College Central Library and Information Centre Sibsagar Girls College Education Reck 04.02.1984 370.54 RAI 08502 27.02.2020 1 27.02.2020 Books


Sibsagar Girl's College © 2020. All rights reserved.
Powered by Koha.
Maintained by Abhijit Borpuzari.